00605nam a2200193Ia 450000500170000000800410001702000150005808200130007310000150008624500780010126000530017930000180023265000160025065000130026665000180027994200060029795200950030399900130039820240711030035.0240331s9999 xx 000 0 und d a0521639972 a192bGEL aGellner, E 0aLanguage and solitude :bWittgenstein,Malinowski and the Habsburg dilemma aUnited KingdombCambridge University pressc1998 axix, 209 p ., a Psychology aLanguage aSocial Theory cL 001040708LaWERCLbWERCLcSSCd2024-03-31l0o 192 GELp2720r2024-03-31w2024-03-31yL c764d764